00000000nam##2200000za#4500
0019.658172
003CaOODSP
00520210615115944
007ta
008150407|1995||||xxc|||||     f|0| 0 fre|d
020 |a0-662-62144-1
040 |aCaOODSP|bfre
041 |aeng
041 |afre
043 |an-cn---
0861 |aSE1-9/1995
1101 |aCanada.|bÉlections Canada. |bDirecteur général des élections du Canada.
24510|aÉlection de la treizième Assemblée législative des Territoires du Nord-Ouest, 1995: résultats officiels du scrutin / |cPublié par le Directeur général des élections du Canada.
260 |aOttawa - Ontario : |bÉlections Canada. |c1995.
300 |aTexte français, pp.75-109. : |btableaux ; |c28 cm.
500 |a«Ce rapport comprend en outre les résultats par bureau de scrutin de l'élection partielle tenue le 8 mai 1995 dans la circonscription d'Aivilik.».--Lettre d'accompagnement. Données de catalogage avant publication (Canada) imprimées dans cette publication.
5203 |aCe rapport comprend en outre les résultats par bureau de scrutin de l'élection partielle tenue le 8 mai 1995 dans la circonscription d'Aivilik..--Lettre d'accompagnement
546 |aTexte en français, anglais et inuktitut
563 |aCouverture souple
590 |a96-05|b1996-02-02
69107|aÉlections|2gcpds
791 |tElection of the thirteenth Legislative Assembly of the Northwest Territories, 1995: official voting results / |eeng|w(CaOODSP)9.658171